| 000 | 00439nam a22001337a 4500 | ||
|---|---|---|---|
| 082 |
_a625.84 _bCON _cL-15, P-28 |
||
| 100 |
_aThe concrete Association of India _943859 |
||
| 245 |
_aSoil, Cement, Roads construction handbook _cThe concrete Association of India |
||
| 260 |
_aBombay _bThe concrete Association of India |
||
| 300 |
_a151 p. _bill. _c22 cm |
||
| 526 |
_a0 _b0 _c0 _d625_840000000000000_CON |
||
| 650 |
_aMCE _9379 |
||
| 942 |
_2ddc _cBK |
||
| 999 |
_c547718 _d547718 |
||